000 00291nam a22001337a 4500
008 180924b xxu||||| |||| 00| 0 eng d
020 _a0882442252
041 _aeng
080 _a339.138
100 _a60
101 _aMKT
245 _aMarketing Mistakes
_cHartley, R.F
942 _2udc
_cBK
999 _c48409
_d48409